00682nam a2200145Ia 4500008004100000050002500041100002600066245018400092260008600276300002800362521001200390942000700402999001900409952010800428140724s9999 xx 000 0 und d aRA 394.9b.P644 2008 aPimentel, Ann Quincy. aRelationship between areas of emotional intelligence in clinical performance of third year nursing students of Southville International School and Colleges /cAnn Quincy Pimentel. aLas Piñas, Philippines :bSouthville International School and Colleges,cc2008. a87 p. :bill. ;c28 cm. aNursing cTH c228698d228698 001040aCLbCLcTHESESd2014-07-24l0oRA 394.9 .P644 2008pT0052r2018-05-15 00:00:00w2014-07-24yTH